Kariera trenerska Jacka Magiery. - Statystyki

Ogólne statystyki
  • Ten quiz został rozwiązany 44 razy
    21 od ostatniego zresetowania
  • Średni wynik to 3 z 6
Statystyki odpowiedzi
Lata Drużyna % Poprawnych
2016-2017 Legia Warszawa
100%
2021-teraz Śląsk Wrocław
89%
2018-2020 Polska U20
44%
2016-2016 Zagłębie Sosnowiec
39%
2014-2015 Legia Warszawa II
33%
2020-2021 Polska U19
33%
Nie znaleziono quizów pasujących do podanych kryteriów
Rozkład punktacji
Procent ludzi z każdym wynikiem
Percentyl według liczby udzielonych odpowiedzi
Twoja historia wyników
Nie rozwiązałeś tego quizu od ostatniego zresetowania